Develop PL/SQL Progrm Units/ (Record no. 35771)

MARC details
000 -LEADER
fixed length control field 00475nam a22001577a 4500
005 - DATE AND TIME OF LATEST TRANSACTION
control field 20240514110345.0
008 - FIXED-LENGTH DATA ELEMENTS--GENERAL INFORMATION
fixed length control field 240514b |||||||| |||| 00| 0 eng d
082 ## - DEWEY DECIMAL CLASSIFICATION NUMBER
Classification number 005.75
Item number BAU-D
100 ## - MAIN ENTRY--AUTHOR
Author Name Bauwens;Christians
245 ## - TITLE STATEMENT
Title Develop PL/SQL Progrm Units/
Remainder of title Oracle 8.0/
Statement of responsibility, etc. Christian Bauwens
260 ## - PUBLICATION, DISTRIBUTION, ETC.
Place of Publication USA;
Name of publisher, distributor, etc. Oracle Corporation;
Date of publication, distribution, etc. 1998
300 ## - PHYSICAL DESCRIPTION
Pages xvii, 386 p.:
650 ## - SUBJECT ADDED ENTRY--TOPICAL TERM
Subject / Department Computer Science /Computer Programming
700 ## - ADDED ENTRY--PERSONAL NAME
Personal name Ellen Gravina
300 ## - PHYSICAL DESCRIPTION
-- ill;
-- 24 cm.
952 ## - LOCATION AND ITEM INFORMATION (KOHA)
-- 0
-- 0
Holdings
Lost status Damaged status Collection code Permanent Location Current Location Shelving Location Date acquired Full Call Number Accession No./Barcode Date last seen item type Koha item type
    CS/IT Superior Information Resource Center (SIRC) Superior University - City Campus Superior Information Resource Center (SIRC) Superior University - City Campus Computer Science 05/14/2024 005.75 BAU-D 1998 2870 05/14/2024 BOOK BOOK

Powered by Koha